Managing pesticide waste and pakckaging (Record no. 82565)

MARC details
000 -LEADER
fixed length control field 00745nam a2200157 a 4500
008 - FIXED-LENGTH DATA ELEMENTS--GENERAL INFORMATION
fixed length control field 120416s1998 ||||||||||||||||| || u
020 ## - INTERNATIONAL STANDARD BOOK NUMBER
International Standard Book Number 1901396703
050 ## - LIBRARY OF CONGRESS CALL NUMBER
Classification number SB 951 Man
100 ## - MAIN ENTRY--PERSONAL NAME
Personal name Robinson, T. H
245 10 - TITLE STATEMENT
Title Managing pesticide waste and pakckaging
Statement of responsibility, etc. edited by T. H. Robinson
246 ## -
-- BCPC symposium proceedings number 70
260 ## - PUBLICATION, DISTRIBUTION, ETC.
Place of publication, distribution, etc. Farnham, Surrey
Name of publisher, distributor, etc. The British Crop Protection Council
Date of publication, distribution, etc. 1998
350 ## -
-- 0.00
995 ## -
-- ANNEX COLLECTION (Main Library)
-- 0.00
-- 734359
-- CBU-MAIN LIBRARY (Kitwe)
-- 1
-- 17.95
-- SB 951 Man
-- 1
-- AVAILABLE
-- 46519
-- Annex Low-Usage Collection
995 ## -
-- MAIN LIBRARY OPEN ACCESS
-- 0.00
-- 734360
-- CBU-MAIN LIBRARY (Kitwe)
-- 3
-- 17.95
-- SB 951 Man
-- 3
-- AVAILABLE
-- 46540
-- Main Library Open Access Collection
999 ## -
-- 82565
-- 82565
Holdings
Withdrawn status Lost status Source of classification or shelving scheme Damaged status Not for loan Permanent Location Current Location Shelving location Date acquired Total Checkouts Full call number Barcode Date last seen Copy number Price effective from Koha item type
          CBU-MAIN LIBRARY, KITWE. CBU-MAIN LIBRARY, KITWE.   09/29/2023   SB 951 Man 46519 09/29/2023 1 09/29/2023 MONOGRAPH
          CBU-MAIN LIBRARY, KITWE. CBU-MAIN LIBRARY, KITWE.   09/29/2023   SB 951 Man 46540 09/29/2023 2 09/29/2023 MONOGRAPH